000
00341nam a2200145Ia 4500
008
191201s2007 xx 000 0 und d
082
_a
005.133
_b
SCJ
100
_a
SCHILDT, Herbert
245
0
_a
JAVA 2 The Complete Reference
250
_a
5th
260
_a
N.Delhi
_b
TMH
_c
2007
300
_a
1154
650
_a
B.Tech(IT)
942
_2
ddc
_c
BK
999
_c
3063
_d
3063